[Event "Telford 4NCL op"]
[Site "Telford"]
[Date "2018.11.03"]
[Round "6"]
[White "Ferrington, Nigel M"]
[Black "Kulkarni, Rakesh"]
[Result "0-1"]
[WhiteElo "2130"]
[BlackElo "2297"]
[PlyCount "92"]
[EventDate "2018.10.31"]
[EventType "swiss"]
[EventRounds "9"]
[EventCountry "ENG"]
[SourceTitle "CBM 187 Extra"]
[Source "ChessBase"]
[SourceDate "2018.11.04"]
[SourceVersion "1"]
[SourceVersionDate "2018.11.04"]
[SourceQuality "1"]

1. e4 c5 2. Nf3 e6 3. b3 Nc6 4. Bb2 a6 5. g3 d6 6. Bg2 e5 7. 0-0 Nf6 8. Re1 g6 9. c3 Bg7 10. d4 0-0 11. Nbd2 Re8 12. Qc2 cxd4 13. cxd4 Bg4 14. d5 Nb4 15. Qb1 Rc8 16. Rc1 Rxc1+ 17. Bxc1 Qc7 18. a3 Nc2 19. Ra2 Rc8 20. Nc4 Bxf3 21. Rxc2 Bxe4 22. Bxe4 Nxe4 23. Ne3 Qd7 24. Rxc8+ Qxc8 25. Qxe4 Qxc1+ 26. Kg2 Qxa3 27. Qh4 Qxb3 28. Qd8+ Bf8 29. Ng4 Qxd5+ 30. f3 Qe6 31. Nf6+ Kg7 32. Ne8+ Kh8 33. Qa8 Qe7 34. Nc7 Kg8 35. Nd5 Qe6 36. Qxb7 a5 37. g4 h6 38. Kg3 a4 39. Qa8 a3 40. h4 f6 41. Kf2 Qf7 42. Kg3 Kh7 43. Kf2 Bg7 44. Kg3 Qe6 45. h5 gxh5 46. gxh5 f5 0-1

[Event "Telford 4NCL op"]
[Site "Telford"]
[Date "2018.11.03"]
[Round "7"]
[White "Stepanyan, Henrik"]
[Black "Ferrington, Nigel M"]
[Result "1-0"]
[WhiteElo "2158"]
[BlackElo "2130"]
[PlyCount "117"]
[EventDate "2018.10.31"]
[EventType "swiss"]
[EventRounds "9"]
[EventCountry "ENG"]
[SourceTitle "CBM 187 Extra"]
[Source "ChessBase"]
[SourceDate "2018.11.04"]
[SourceVersion "1"]
[SourceVersionDate "2018.11.04"]
[SourceQuality "1"]

1. d4 d5 2. Nf3 c5 3. g3 cxd4 4. Bg2 f6 5. Nxd4 e5 6. Nb3 Be6 7. 0-0 Nc6 8. Nc3 d4 9. Ne4 Bd5 10. c3 f5 11. Bg5 Be7 12. Bxe7 Qxe7 13. Nec5 Bxg2 14. Kxg2 dxc3 15. bxc3 Nf6 16. Qd3 b6 17. Na6 Qb7 18. Qb5 0-0 19. Kg1 Rf7 20. Rad1 Rc8 21. Rd3 g6 22. Rfd1 Kg7 23. a4 Nb8 24. Nb4 Qc7 25. Nd5 Qc4 26. Ne3 Qxb5 27. axb5 Nbd7 28. Na1 e4 29. Rd6 Rxc3 30. Nac2 Nc5 31. Nd4 Rc7 32. Rxf6 Rxe3 33. Rc6 Rxc6 34. bxc6 Rc3 35. Nb5 Rc2 36. Nxa7 Ne6 37. Rd7+ Kf6 38. Rxh7 Ke5 39. Rb7 Kd6 40. e3 Nc7 41. Rxb6 Ra2 42. Nc8+ Kc5 43. Rb1 Kxc6 44. Ne7+ Kd6 45. Nxg6 Nd5 46. Nh4 Ne7 47. Rb6+ Kc7 48. Rb5 Kc6 49. Rb8 Ra5 50. h3 Kc7 51. Rh8 Kd6 52. Rh6+ Kd5 53. Kg2 Rb5 54. Rh5 Kc4 55. Rh7 Re5 56. Rg7 Kd3 57. Ng6 Nxg6 58. Rxg6 Ke2 59. Rg5 1-0

[Event "Midland-ch"]
[Site "Telford"]
[Date "2018.08.12"]
[Round "4"]
[White "Ferrington, Nigel M"]
[Black "Hebden, Mark"]
[Result "1/2-1/2"]
[WhiteElo "2133"]
[BlackElo "2425"]
[PlyCount "133"]
[EventDate "2018.08.10"]
[EventType "swiss"]
[EventRounds "5"]
[EventCountry "ENG"]
[SourceTitle "EXT 2019"]
[Source "ChessBase"]
[SourceDate "2018.10.10"]
[SourceVersion "1"]
[SourceVersionDate "2018.10.10"]
[SourceQuality "1"]

1. c4 g6 2. g3 Bg7 3. Bg2 Nf6 4. Nc3 0-0 5. e4 c5 6. Nge2 Nc6 7. d3 a6 8. 0-0 Rb8 9. a4 d6 10. h3 Ne8 11. Be3 e5 12. Nd5 Nc7 13. Nxc7 Qxc7 14. Nc3 Nb4 15. h4 Be6 16. h5 gxh5 17. Qxh5 Nxd3 18. Nd5 Bxd5 19. cxd5 f5 20. exf5 Qf7 21. Qg4 Nb4 22. Be4 Nxd5 23. Bxd5 Qxd5 24. Rad1 Qf7 25. Rxd6 Qxf5 26. Qxf5 Rxf5 27. Bxc5 e4 28. Bd4 Rc8 29. Bxg7 Kxg7 30. Rd7+ Rf7 31. Rfd1 Rc7 32. Rxf7+ Kxf7 33. Rd4 Rc1+ 34. Kg2 Rc2 35. Rxe4 Rxb2 36. Rc4 a5 37. Kf3 h6 38. g4 Kg6 39. Rd4 Rb3+ 40. Kf4 Rb4 41. Re4 Kf6 42. f3 b5 43. axb5 Rxb5 44. Kg3 Rb6 45. f4 Rb3+ 46. Kh4 Rb4 47. Re5 a4 48. Ra5 Rxf4 49. Ra6+ Kg7 50. Kh5 Re4 51. Rg6+ Kf7 52. Rxh6 Re5+ 53. g5 Ra5 54. Rf6+ Kg7 55. Rf1 a3 56. Kg4 a2 57. Ra1 Kg6 58. Kf4 Ra3 59. Ke4 Kxg5 60. Kd4 Kf4 61. Kc4 Ke3 62. Kb4 Ra8 63. Kb3 Kd3 64. Rd1+ Ke2 65. Ra1 Kd2 66. Rxa2+ Rxa2 67. Kxa2 1/2-1/2

[Event "Shropshire op"]
[Site "Telford"]
[Date "2017.01.07"]
[Round "2"]
[White "Ferrington, Nigel M"]
[Black "Hebden, Mark"]
[Result "0-1"]
[WhiteElo "2182"]
[BlackElo "2501"]
[PlyCount "68"]
[EventDate "2017.01.06"]
[EventType "swiss"]
[EventRounds "5"]
[EventCountry "ENG"]
[SourceTitle "CBM 176 Extra"]
[Source "ChessBase"]
[SourceDate "2017.03.02"]
[SourceVersion "1"]
[SourceVersionDate "2017.03.02"]
[SourceQuality "1"]

1. e4 e5 2. Nf3 Nc6 3. d4 exd4 4. Nxd4 Nf6 5. Nxc6 bxc6 6. Qe2 Bb4+ 7. c3 Be7 8. e5 Nd5 9. c4 Nb6 10. Qc2 0-0 11. Bd3 g6 12. 0-0 d5 13. exd6 cxd6 14. Nc3 Be6 15. b3 d5 16. cxd5 cxd5 17. Bh6 Re8 18. Ne2 Bf6 19. Rac1 a5 20. Rfd1 a4 21. Bb5 axb3 22. axb3 Bd7 23. Bxd7 Qxd7 24. Be3 d4 25. Nxd4 Nd5 26. Bh6 Rac8 27. Qd2 Rxc1 28. Rxc1 Qb7 29. h3 Qb6 30. Rd1 Rd8 31. Bg5 Bxg5 32. Qxg5 Nc3 33. Rd3 Ne2+ 34. Nxe2 Rxd3 0-1

[Event "BCF-chT3Sa 1516 (4NCL)"]
[Site "England"]
[Date "2016.01.16"]
[Round "3.55"]
[White "Ferrington, Nigel M"]
[Black "Young, Alan J"]
[Result "1-0"]
[WhiteElo "2290"]
[BlackElo "2090"]
[PlyCount "137"]
[EventDate "2015.11.14"]
[EventType "team-swiss"]
[EventRounds "7"]
[EventCountry "ENG"]
[SourceTitle "CBM 170 Extra"]
[Source "ChessBase"]
[SourceDate "2016.02.25"]
[SourceVersion "1"]
[SourceVersionDate "2016.02.25"]
[SourceQuality "1"]
[WhiteTeam "Shropshire"]
[BlackTeam "Rhyfelwyr Essyllwg"]
[WhiteTeamCountry "ENG"]
[BlackTeamCountry "ENG"]

1. d4 d5 2. c4 dxc4 3. e4 e5 4. Nf3 exd4 5. Bxc4 Nc6 6. 0-0 Be6 7. Bxe6 fxe6 8. Qb3 Qd7 9. Qxb7 Rb8 10. Qa6 Nf6 11. e5 Nd5 12. a3 Bc5 13. Nbd2 0-0 14. Ne4 Be7 15. Qd3 Nf4 16. Bxf4 Rxf4 17. Rac1 Rf5 18. Rc4 Nxe5 19. Nxe5 Rxe5 20. Rxd4 Rd5 21. Rxd5 exd5 22. Nc3 c6 23. b4 Qe6 24. g3 Re8 25. Rd1 Bf6 26. Rc1 d4 27. Na4 Qd5 28. Nc5 Bg5 29. Rd1 a5 30. Qb3 Qxb3 31. Nxb3 axb4 32. axb4 Bf6 33. Kf1 Rb8 34. Na5 Rxb4 35. Nxc6 Rb6 36. Na5 Re6 37. Nb3 Kf7 38. Rd2 Rd6 39. Ke2 Ke6 40. Kd3 Kd5 41. Ra2 Rb6 42. Ra5+ Ke6 43. Nxd4+ Bxd4 44. Kxd4 Rb2 45. Ke3 Kf6 46. h4 Rb4 47. Kf3 g6 48. h5 Rb7 49. Kg4 Rc7 50. f4 Rb7 51. Kh4 Rb1 52. Ra6+ Kf5 53. Ra5+ Kf6 54. Kg4 Rb7 55. Ra6+ Kg7 56. Kh4 Rf7 57. Ra4 Rc7 58. g4 Kf6 59. Ra6+ Kf7 60. Kg5 Rc5+ 61. Kh6 gxh5 62. g5 h4 63. Kxh7 h3 64. Rh6 Rc8 65. g6+ Kf6 66. g7+ Kf7 67. Rxh3 Rg8 68. Rg3 Re8 69. g8Q+ 1-0

[Event "BCF-chT3Sa 1516 (4NCL)"]
[Site "England"]
[Date "2015.11.15"]
[Round "2.85"]
[White "Ferrington, Nigel M"]
[Black "Dickinson, Timothy R"]
[Result "1-0"]
[WhiteElo "2290"]
[BlackElo "2116"]
[PlyCount "159"]
[EventDate "2015.11.14"]
[EventType "team-swiss"]
[EventRounds "7"]
[EventCountry "ENG"]
[SourceTitle "CBM 169 Extra"]
[Source "ChessBase"]
[SourceDate "2015.12.18"]
[SourceVersion "1"]
[SourceVersionDate "2015.12.18"]
[SourceQuality "1"]

1. e4 e6 2. d4 d5 3. Nc3 Nf6 4. e5 Nfd7 5. f4 c5 6. Nf3 Nc6 7. Be3 Be7 8. Qd2 0-0 9. dxc5 Nxc5 10. 0-0-0 a6 11. Kb1 b5 12. Qf2 Nd7 13. Bd3 f6 14. Qh4 f5 15. Qh3 Nc5 16. Bxc5 Bxc5 17. g4 g6 18. gxf5 gxf5 19. Ne2 Kh8 20. Ng3 Ra7 21. Nh5 Rg8 22. Nf6 Rgg7 23. Ng5 Nxe5 24. Nxe6 Qxf6 25. Nxc5 Ng4 26. Qf3 Qd6 27. Nb3 Rae7 28. Nd4 Re3 29. Qf1 Qf6 30. h3 Nh6 31. Nf3 Nf7 32. Qf2 Re7 33. Qc5 Nd6 34. Rhe1 Bb7 35. Rxe7 Rxe7 36. Qb6 Ne4 37. Qxf6+ Nxf6 38. Nd4 Re3 39. Bxf5 Nh5 40. c3 Nxf4 41. Rf1 Ne2 42. Nxe2 Rxe2 43. Bxh7 Kg7 44. Bf5 Rd2 45. Kc1 Rh2 46. Be6 Bc6 47. Rf7+ Kh6 48. Rc7 Be8 49. Bf7 Bxf7 50. Rxf7 Kg6 51. Rd7 Kf5 52. Rxd5+ Ke4 53. Rd4+ Ke5 54. a4 Rxh3 55. axb5 axb5 56. Rb4 Kd5 57. Rxb5+ Kc4 58. Rb4+ Kc5 59. Kc2 Rh2+ 60. Kb3 Rh8 61. Rc4+ Kd5 62. Rg4 Rb8+ 63. Kc2 Rh8 64. Rg5+ Kc6 65. b4 Kb6 66. Rg6+ Kb5 67. Rg5+ Kb6 68. c4 Rh3 69. Rd5 Kc6 70. Rd3 Rh1 71. Rg3 Rh6 72. Kb3 Kb6 73. Ka4 Kb7 74. c5 Rh5 75. Kb5 Rh7 76. Rg6 Ka7 77. Rd6 Kb7 78. c6+ Kb8 79. Rd8+ Kc7 80. Rd7+ 1-0

[Event "BCF-chT3 0708 (4NCL)"]
[Site "Sunningdale"]
[Date "2007.11.11"]
[Round "4.6"]
[White "Gray, Mark S"]
[Black "Ferrington, Nigel M"]
[Result "0-1"]
[WhiteElo "2114"]
[BlackElo "2101"]
[PlyCount "68"]
[EventDate "2007.09.15"]
[EventType "team-tourn"]
[EventRounds "11"]
[EventCountry "ENG"]
[SourceTitle "EXT 2023"]
[Source "ChessBase"]
[SourceDate "2022.10.05"]
[SourceVersion "1"]
[SourceVersionDate "2022.10.05"]
[SourceQuality "1"]
[WhiteTeam "Anglian Avengers"]
[BlackTeam "Wessex II"]
[WhiteTeamCountry "ENG"]
[BlackTeamCountry "ENG"]

1. e4 c5 2. d4 cxd4 3. c3 dxc3 4. Nxc3 Nc6 5. Nf3 d6 6. Bc4 e6 7. 0-0 Nf6 8. Qe2 Be7 9. Rd1 e5 10. Be3 0-0 11. Rac1 Be6 12. Bxe6 fxe6 13. Ng5 Qd7 14. Qc4 Nd8 15. Nb5 Ng4 16. Nf3 Nxe3 17. fxe3 Nc6 18. Rd2 Rac8 19. Rdc2 a6 20. Na3 d5 21. exd5 exd5 22. Qa4 Qf5 23. Qb3 e4 24. Nd2 Na5 25. Rxc8 Qf2+ 26. Kh1 Nxb3 27. Rxf8+ Bxf8 28. Nxb3 Qxb2 29. Nc2 a5 30. Rf1 Qxc2 31. Nd4 Qd3 32. Re1 Bb4 33. Rc1 Qxe3 34. Rf1 Qxd4 0-1

[Event "BCF-chT2 0607 (4NCL)"]
[Site "Sunningdale"]
[Date "2007.01.14"]
[Round "6.5"]
[White "Ferrington, Nigel M"]
[Black "Hagesaether, Arne"]
[Result "0-1"]
[WhiteElo "2116"]
[BlackElo "2160"]
[PlyCount "72"]
[EventDate "2006.09.16"]
[EventType "team"]
[EventRounds "11"]
[EventCountry "ENG"]
[SourceTitle "EXT 2008"]
[Source "ChessBase"]
[SourceDate "2007.11.25"]
[SourceVersion "1"]
[SourceVersionDate "2007.11.25"]
[SourceQuality "1"]
[WhiteTeam "Wessex"]
[BlackTeam "Hilsmark Kingfisher II"]
[WhiteTeamCountry "ENG"]
[BlackTeamCountry "ENG"]

1. e4 c6 2. Nf3 d5 3. Nc3 dxe4 4. Nxe4 Bf5 5. Ng3 Bg6 6. h4 f6 7. Bc4 Nh6 8. d4 Nf5 9. Nxf5 Qa5+ 10. c3 Qxf5 11. Qb3 b6 12. Be6 Qc2 13. Qxc2 Bxc2 14. Bf4 Nd7 15. 0-0 Be4 16. Nd2 Bd5 17. Rfe1 Rc8 18. Nc4 Bxe6 19. Rxe6 Kf7 20. Re2 b5 21. Nd2 g6 22. a4 b4 23. cxb4 e5 24. dxe5 fxe5 25. Bxe5 Nxe5 26. Rxe5 Bxb4 27. Nf3 Kf6 28. Re4 c5 29. Rd1 Rhd8 30. Rxd8 Rxd8 31. Kh2 Rd1 32. Kg3 Rb1 33. Re2 c4 34. Rc2 Bd6+ 35. Ne5 Kxe5 36. Kf3 Kd4 0-1

[Event "BCF-chT3 0506 (4NCL)"]
[Site "Birmingham"]
[Date "2006.04.30"]
[Round "10.4"]
[White "Ferrington, Nigel M"]
[Black "Almond, Richard"]
[Result "0-1"]
[WhiteElo "2115"]
[BlackElo "2093"]
[PlyCount "82"]
[EventDate "2005.10.22"]
[EventType "team"]
[EventRounds "11"]
[EventCountry "ENG"]
[SourceTitle "EXT 2007"]
[Source "ChessBase"]
[SourceDate "2006.11.23"]
[SourceVersion "1"]
[SourceVersionDate "2006.11.23"]
[SourceQuality "1"]
[WhiteTeam "Wessex II"]
[BlackTeam "Mindsports"]
[WhiteTeamCountry "ENG"]
[BlackTeamCountry "ENG"]

1. e4 d5 2. exd5 Qxd5 3. Nf3 Bg4 4. Be2 Nc6 5. 0-0 0-0-0 6. d3 Nf6 7. Be3 e6 8. h3 Bh5 9. c4 Qd7 10. Nbd2 h6 11. Qa4 a6 12. b4 Bxb4 13. Rab1 Bxd2 14. Bxd2 Nd4 15. Qxd7+ Rxd7 16. Nxd4 Rxd4 17. g4 Bg6 18. Rb3 Bxd3 19. Bxd3 Rhd8 20. Bxh6 gxh6 21. Be2 Ne4 22. Rb2 Rd2 23. Rxd2 Rxd2 24. Bf3 Ng5 25. Bg2 Rxa2 26. f4 Nh7 27. f5 e5 28. f6 c6 29. h4 Ra4 30. Be4 Nf8 31. Rc1 Kc7 32. g5 hxg5 33. h5 b5 34. h6 Rxc4 35. Rxc4 bxc4 36. h7 Nxh7 37. Bxh7 Kd6 38. Bf5 a5 39. Kf2 a4 40. Kf3 a3 41. Bb1 c3 0-1

[Event "BCF-chT3 0506 (4NCL)"]
[Site "Birmingham"]
[Date "2005.10.23"]
[Round "2.5"]
[White "Ferrington, Nigel M"]
[Black "Reuben, Stewart"]
[Result "1/2-1/2"]
[WhiteElo "2115"]
[BlackElo "2142"]
[PlyCount "36"]
[EventDate "2005.10.22"]
[EventType "team"]
[EventRounds "11"]
[EventCountry "ENG"]
[SourceTitle "EXT 2007"]
[Source "ChessBase"]
[SourceDate "2006.11.23"]
[SourceVersion "1"]
[SourceVersionDate "2006.11.23"]
[SourceQuality "1"]
[WhiteTeam "Wessex II"]
[BlackTeam "FCA Solutions"]
[WhiteTeamCountry "ENG"]
[BlackTeamCountry "ENG"]

1. e4 c5 2. Nf3 Nc6 3. d4 cxd4 4. Nxd4 g6 5. Nc3 Bg7 6. Be3 Nf6 7. Bc4 0-0 8. 0-0 d6 9. h3 Bd7 10. Qd2 Rc8 11. Bb3 Ne5 12. Bh6 Nc4 13. Bxc4 Rxc4 14. Bxg7 Kxg7 15. Rfe1 Qb6 16. Nb3 Rfc8 17. Qe3 Qxe3 18. Rxe3 b6 1/2-1/2

[Event "BCF-chT3 0405 (4NCL)"]
[Site "Telford"]
[Date "2005.05.30"]
[Round "11.7"]
[White "Ferrington, Nigel M"]
[Black "Dalmau, Jorgen Mikael"]
[Result "1-0"]
[WhiteElo "2125"]
[BlackElo "2057"]
[PlyCount "55"]
[EventDate "2004.11.06"]
[EventType "team"]
[EventRounds "11"]
[EventCountry "ENG"]
[SourceTitle "EXT 2006"]
[Source "ChessBase"]
[SourceDate "2005.11.24"]
[SourceVersion "1"]
[SourceVersionDate "2005.11.24"]
[SourceQuality "1"]
[WhiteTeam "Wessex II"]
[BlackTeam "Athenaeum"]
[WhiteTeamCountry "ENG"]
[BlackTeamCountry "ENG"]

1. e4 e5 2. Nf3 Nc6 3. d4 exd4 4. c3 d5 5. exd5 Qxd5 6. cxd4 Bg4 7. Be2 0-0-0 8. Nc3 Qd7 9. Be3 Bxf3 10. Bxf3 Nxd4 11. 0-0 Nxf3+ 12. Qxf3 Bd6 13. Bxa7 Ne7 14. Rac1 Qf5 15. Na4 c6 16. Qb3 Nd5 17. g3 Bc7 18. Rc5 Qe4 19. Rfc1 Ne3 20. Qxe3 Qxa4 21. R5c4 Qb5 22. Bd4 Rhe8 23. Qf3 f6 24. a4 Qd5 25. Qg4+ f5 26. Qxg7 Re4 27. Qxh7 f4 28. Bb6 1-0

[Event "BCF-chT3 0405 (4NCL)"]
[Site "Telford"]
[Date "2005.04.16"]
[Round "7.5"]
[White "Ferrington, Nigel M"]
[Black "Pedder, Stephane SG"]
[Result "1-0"]
[WhiteElo "2125"]
[BlackElo "1940"]
[PlyCount "105"]
[EventDate "2004.11.06"]
[EventType "team"]
[EventRounds "11"]
[EventCountry "ENG"]
[SourceTitle "EXT 2006"]
[Source "ChessBase"]
[SourceDate "2005.11.24"]
[SourceVersion "1"]
[SourceVersionDate "2005.11.24"]
[SourceQuality "1"]
[WhiteTeam "Wessex II"]
[BlackTeam "The ADS II"]
[WhiteTeamCountry "ENG"]
[BlackTeamCountry "ENG"]

1. e4 e6 2. d4 d5 3. exd5 Qxd5 4. Nf3 Nf6 5. Be2 b6 6. 0-0 Bb7 7. c4 Qd8 8. Nc3 c6 9. Bg5 Be7 10. Qc2 Nbd7 11. Rad1 Qc7 12. Rfe1 Bd6 13. Bd3 Ng4 14. h3 Ngf6 15. Qe2 0-0 16. Ne5 Be7 17. Bf4 Bd6 18. g4 g6 19. h4 h5 20. f3 a6 21. Bg5 Kg7 22. Nxd7 Nxd7 23. gxh5 gxh5 24. Kh1 Rh8 25. Qe3 Rag8 26. Rg1 Kf8 27. Ne4 Be7 28. Bh6+ Ke8 29. Bf4 Qd8 30. Ng5 Nf6 31. Be5 Bd6 32. Rde1 Qe7 33. Qf4 Bxe5 34. dxe5 Nd7 35. Ne4 Kd8 36. Nd6 Kc7 37. Ne4 Kb8 38. Nf6 Rd8 39. Be4 Ka7 40. Rd1 Nc5 41. Rd6 Nxe4 42. fxe4 c5 43. Rgd1 Bc8 44. Kh2 a5 45. Qd2 Rxd6 46. Qxd6 Qb7 47. Kg3 Ka6 48. b3 Ka7 49. Kf4 Ka6 50. a3 Ka7 51. Rg1 Qa6 52. Qe7+ Bb7 53. a4 1-0

[Event "BCF-chT3 0304 (4NCL)"]
[Site "West Bromwich"]
[Date "2003.11.22"]
[Round "1.8"]
[White "Lazarevic, Ljubica"]
[Black "Ferrington, Nigel M"]
[Result "0-1"]
[WhiteElo "1664"]
[BlackElo "1912"]
[PlyCount "122"]
[EventDate "2003.11.23"]
[EventType "team"]
[EventRounds "11"]
[EventCountry "ENG"]
[SourceTitle "EXT 2005"]
[Source "ChessBase"]
[SourceDate "2004.11.15"]
[SourceVersion "1"]
[SourceVersionDate "2004.11.15"]
[SourceQuality "1"]
[WhiteTeam "Hilsmark Kingfisher"]
[BlackTeam "Wessex II"]
[WhiteTeamCountry "ENG"]
[BlackTeamCountry "ENG"]

1. e4 c5 2. Nc3 d6 3. f4 a6 4. Nf3 Nf6 5. d3 Nc6 6. g3 g6 7. Bg2 Bg7 8. 0-0 0-0 9. Bd2 Bd7 10. Qc1 b5 11. a3 Rc8 12. Nh4 Nd4 13. Nf3 Ng4 14. Re1 b4 15. Ne2 Nxf3+ 16. Bxf3 Qb6 17. c3 bxa3 18. Rxa3 c4+ 19. d4 e5 20. Bxg4 Bxg4 21. Be3 Qb7 22. fxe5 Qxe4 23. exd6 Rce8 24. Nf4 Bh6 25. Ng2 Bh3 26. Qd2 Bxg2 27. Qxg2 Bxe3+ 28. Kh1 Qxg2+ 29. Kxg2 Bh6 30. Raa1 Rxe1 31. Rxe1 Rd8 32. Ra1 Rxd6 33. Ra4 Rb6 34. Rxc4 Rxb2+ 35. Kh3 Kg7 36. Ra4 Rc2 37. c4 Be3 38. d5 Bg1 39. d6 h5 40. g4 Rxh2+ 41. Kg3 h4+ 42. Kf3 Rd2 43. Ra1 Bc5 44. Rxa6 Rxd6 45. Ra1 Rd4 46. Rc1 Kh6 47. Rc2 Kg5 48. Re2 Rf4+ 49. Kg2 Rxg4+ 50. Kh3 Rxc4 51. Rg2+ Kh5 52. Rd2 Bd4 53. Re2 f5 54. Re1 Rc3+ 55. Kh2 Rb3 56. Re7 Kg4 57. Re1 Bf2 58. Rf1 Bg3+ 59. Kh1 h3 60. Rg1 Re3 61. Rxg3+ Kxg3 0-1